01369nam a2200361Ic 450000100060000000300100000600500170001600700030003300800410003602000180007704000350009504100080013008200220013810000330016024501040019325000220029726400490031930000350036833600270040333700330043033800280046349000210049150500400051252100410055254500650059365000530065865000360071165000630074770000350081094200120084599900170085795201330087459864CO-BoRNBP20251107210651.0ta210825s2013 sp a er 000 0 spa d a9788498743241 aCO-BoRNBPbspaerdacCO-BoRNBP aspa04a646.407bG34a2221 aGilewska, Teresaeaut96695410aArreglos y modificaciones de prendas de vestir /cTeresa Gilewska ; traducción Ana María Aznar. aPrimera edición 1aMadird, España :bEditorial el Drac,c2013 a176 páginas :bilustraciones atextobtxt2rdacontent asin mediaciónbn2rdamedia avolumenbnc2rdacarrier0 aDiseño de moda0 aArreglos corrientes Modificaciones aRecomendado para un público adulto aIncluye datos biograficos de la autoa en la contracarátula07aCosturavManuales, vademécum, etc2LEMB96695107aModaxConfección2LEMB96695507aPrendas de vestirvManuales, vademécum, etc2lemb966953 aAznar, Ana Maríaetrl959989 2ddccBK c59864d59864 00102ddc40708GENaMEMAPJGAbMEMAPJGAcGENd2025-11-07l0o646.407 G34apMPJG00929r2025-11-07 21:07:11tEj.1w2025-11-07yBK